1720 1777 1377 1977 1665 1013 1341 1668 1951 1922 1074 1019 1995 1748 1785 1450 1065 1054 1513 1781 1644 1487 1851 1763 1628 1530 1306 1235 1053 1374 1445 1342 1050 1953 1428 1741 1526 1057 1383 1178 1504 1714 1257 1111 1933 1149 1309 1888 1889 1923 1572 1389 1892 1475 1267 1285 1361 1582 1949 1930 1179 1257 1570 1849 1985 1776 1435 1654 1611 1601 1782 1649 1886 1761 1924 1714 1769 1592 1116 1799 1212 1657 1739 1975 1440 1227 1463 1365 1106 1181 1816 1133 1867 1924 1166 1083 1296 1027 1051 BCNSPRNW ULIB Ver.6.0+V

เปลี่ยนเป็นภาษาไทย

Change to English
 แสดงรายละเอียดบรรณานุกรม
  กลับหน้าหลัก

Brief Record : Get Marc (ISO 2709) : E-mail record : QR code < ปิดหน้าต่าง
LEADER : 00000nam 2200000uu 4500
001    13399108509
003     ULIB
008    110306s2553||||th 000 0 tha d
020    9789749751817
060  4 WP440^bล144ส 2553
100 0  ลลิตา ธีระสิริ
245 00 สุขภาพสตรี ธรรมชาติบำบัดโรคมดลูกรังไข่^cลลิตา ธีระสิริ
250    พิมพ์ครั้งที่ 1
260    กรุงเทพฯ^bบริษัท รวมทรรศน์ จำกัด,^c2553
300    200 หน้า;^bมีภาพประกอบ
650  7 มดลูก
650  7 รังไข่
650  7 สตรี^xสุขภาพและอนามัย
700 0  ลลิตา ธีระสิริ
945    ^p240^l0^i18208
945    ^p240^l0^i18207
945    ^p240^l0^i18072
945    ^p240^l0^i18073
945    ^p240^l0^i18223
945    ^p240^l0^i18224
995    เกษร
999    ^aใช้งานได้ทุกระบบ
รายการนี้ยังไม่มีแท็ก
คุณยังไม่ได้ล็อกอิน คุณสามารถมีกิจกรรมร่วมกับเว็บไซต์ได้ แต่ต้องล็อกอินก่อน ::
  ล็อกอิน

รายการสื่อสารสนเทศ

ลำดับที่ ประเภท เลขเรียก/บาร์โค้ด สถานที่ สถานะ
1. วิทยาศาสตร์การแพทย์ และสุขภาพ
วิทยาศาสตร์การแพทย์ และสุขภาพ
WP440 ล144ส 2553 ฉ.1 
  Barcode: 18072
ห้องสมุดวิทยาเขตนครสวรรค์
►ส่วนจัดเก็บหนังสือเก่า นว.
บนชั้น
  ขอยืม
2. วิทยาศาสตร์การแพทย์ และสุขภาพ
วิทยาศาสตร์การแพทย์ และสุขภาพ
WP440 ล144ส 2553 ฉ.2 
  Barcode: 18073
ห้องสมุดวิทยาเขตนครสวรรค์
►ส่วนจัดเก็บหนังสือเก่า นว.
บนชั้น
  ขอยืม
3. วิทยาศาสตร์การแพทย์ และสุขภาพ
วิทยาศาสตร์การแพทย์ และสุขภาพ
WP440 ล144ส 2553 ฉ.3 
  Barcode: 18223
ห้องสมุดวิทยาเขตนครสวรรค์
►ส่วนจัดเก็บหนังสือเก่า นว.
บนชั้น
  ขอยืม
4. วิทยาศาสตร์การแพทย์ และสุขภาพ
วิทยาศาสตร์การแพทย์ และสุขภาพ
WP440 ล144ส 2553 ฉ.4 
  Barcode: 18224
ห้องสมุดวิทยาเขตนครสวรรค์
►ส่วนจัดเก็บหนังสือเก่า นว.
บนชั้น
  ขอยืม

รายการใกล้เคียง
    ผู้แต่ง [ลลิตา ธีระสิริ]

    หัวเรื่อง [มดลูก]
    หัวเรื่อง [รังไข่]

BibComment


ยังไม่เคยถูกคอมเมนท์

คอมเมนท์ทรัพยากรรายการนี้
  คอมเมนท์: สุขภาพสตรี ธรรมชา..


 Copyright 2026. Bcnsprnw @Library